000 01708nam a2200349 c 4500
003 BLK
005 20180422112932.0
008 180410b bul|||||r ||||||| ||bul||
010 _aKNG00155852000
040 _aBLK
041 _aBUL
_cBUL
080 _a
_b793.4/.9
_x
_z793.4/.9
100 1 _aЦвирко-Годицки, Йежи
_eпърви автор
_9139767
700 1 _aПапузинска, Йонна
_eлит. обраб.
_9106662
700 1 _aСендова, Евгения Йовкова
_eпрев. от пол.
_9372147
700 1 _aЧижевска, Хана
_eхудож.
_9141730
139 _aЦвирко-Годицки, Йежи
_bЦ 40
245 1 0 _aКак се побеждава магьосница
_bКнижка-играчка
_cЙежи Цвирко-Годицки; лит. обраб. Йонна Папузинска; прев. от пол. Евгения Йовкова Сендова; худож. Хана Чижевска.
257 _aPOL
260 София
_bОтечество
_c1984
_fСофия : ДП Балкан
300 _a64 с.
_bс зв. ил., табл.
_c17Х24 см
380 _aDN
500 _aОриг. загл. Jak pokonac czarownice / Jerzy Cwirko-Godycki. - Офс. изд. - 30 115 тир. - Съдържа и Как се запознах с логическите задачи / Анна Аргирова.
650 4 _aДетски игри
_9241574
653 _aкниги-игри
653 _aлитература за деца
852 _aЦб І 35384
856 4 _qpdf
_u
856 4 _qpdf
_u
942 _cKNG
_n0
944 _aCR
_c21.01.2014
_l21.01.2014 - от С1,Р / 21.01.2014
_kДаниел_Канатов
944 _aED
_c21.01.2014
_l21.01.2014 - от С1,Р / 21.01.2014
_k
999 _c149584
_d149584